[Event "Campeonatos de Espana Universitarios 20"]
[Site "Universidad de Alicante, Spai"]
[Date "2019.04.09"]
[Round "1.7"]
[White "Sanchez Gonzalez, Sergio"]
[Black "Orantes Taboada, Manuel"]
[Result "1-0"]
[WhiteElo "2358"]
[BlackElo "2021"]
[PlyCount "85"]
[EventDate "2019.??.??"]

1. Nf3 {[%clk 00:40:05]} 1... Nf6 {[%clk 00:39:58]} 2. c4 {
[%clk 00:40:06]  [%emt 00:00:11]} 2... g6 {[%clk 00:39:54]} 3. g3 {
[%clk 00:40:09]  [%emt 00:00:07]} 3... Bg7 {[%clk 00:39:58]} 4. Bg2 {
[%clk 00:40:12]  [%emt 00:00:03]} 4... d6 {[%clk 00:40:00]} 5. O-O {
[%clk 00:40:07]  [%emt 00:00:11]} 5... O-O {[%clk 00:40:03]  [%emt 00:00:04]}
6. Nc3 {[%clk 00:40:09]} 6... c6 {[%clk 00:39:53]  [%emt 00:00:12]} 7. d4 {
[%clk 00:39:39]  [%emt 00:00:35]} 7... Qa5 {[%clk 00:39:52]  [%emt 00:00:35]}
8. h3 {[%clk 00:38:29]  [%emt 00:00:46]} 8... Be6 {
[%clk 00:38:21]  [%emt 00:02:08]} 9. Qd3 {[%clk 00:37:55]  [%emt 00:00:10]}
9... Nbd7 {[%clk 00:37:39]  [%emt 00:00:44]} 10. Ng5 {
[%clk 00:37:25]  [%emt 00:00:59]} 10... Nb6 {[%clk 00:36:52]  [%emt 00:00:30]}
11. Nxe6 {[%clk 00:37:04]  [%emt 00:00:24]} 11... fxe6 {
[%clk 00:36:56]  [%emt 00:00:21]} 12. Bd2 {[%clk 00:35:58]  [%emt 00:00:51]}
12... Nbd7 {[%clk 00:35:27]  [%emt 00:01:57]} 13. Nd5 {
[%clk 00:32:26]  [%emt 00:03:16]} 13... Qd8 {[%clk 00:35:09]  [%emt 00:00:22]}
14. Nf4 {[%clk 00:32:23]  [%emt 00:00:09]} 14... Kf7 {
[%clk 00:28:29]  [%emt 00:06:43]} 15. d5 {[%clk 00:31:36]  [%emt 00:00:55]}
15... Nc5 {[%clk 00:28:12]  [%emt 00:00:19]} 16. dxe6+ {
[%clk 00:31:37]  [%emt 00:00:28]} 16... Kg8 {[%clk 00:24:58]  [%emt 00:03:03]}
17. Qe3 {[%clk 00:31:07]  [%emt 00:00:26]} 17... a5 {
[%clk 00:20:02]  [%emt 00:05:02]} 18. Nd3 {[%clk 00:30:53]  [%emt 00:00:21]}
18... Na6 {[%clk 00:16:54]  [%emt 00:03:11]} 19. Bc3 {
[%clk 00:28:55]  [%emt 00:02:02]} 19... Nc7 {[%clk 00:16:29]  [%emt 00:00:30]}
20. h4 {[%clk 00:21:59]  [%emt 00:07:28]} 20... Nfe8 {
[%clk 00:04:56]  [%emt 00:11:11]} 21. Bxg7 {[%clk 00:21:42]  [%emt 00:00:41]}
21... Nxg7 {[%clk 00:05:00]} 22. Bh3 {[%clk 00:21:45]} 22... Rf6 {
[%clk 00:04:36]  [%emt 00:00:14]} 23. Nf4 {[%clk 00:21:09]  [%emt 00:00:41]}
23... Nf5 {[%clk 00:03:51]  [%emt 00:00:54]} 24. Bxf5 {
[%clk 00:18:45]  [%emt 00:02:24]} 24... Rxf5 {[%clk 00:03:53]  [%emt 00:00:31]}
25. Qb3 {[%clk 00:16:52]  [%emt 00:01:32]} 25... Qc8 {
[%clk 00:03:51]  [%emt 00:00:05]} 26. e4 {[%clk 00:16:55]  [%emt 00:00:31]}
26... Re5 {[%clk 00:03:30]  [%emt 00:00:03]} 27. Rad1 {[%clk 00:12:44]} 27...
a4 {[%clk 00:03:26]  [%emt 00:04:25]} 28. Qe3 {[%emt 00:00:43]} 28... Nxe6 {
[%clk 00:03:26]} 29. Nd3 {[%clk 00:12:10]  [%emt 00:00:03]} 29... Rea5 {
[%clk 00:03:01]  [%emt 00:00:27]} 30. f4 {[%clk 00:11:06]  [%emt 00:01:09]}
30... Nc5 {[%emt 00:00:10]} 31. f5 {[%clk 00:10:58]  [%emt 00:00:06]} 31...
Nxd3 {[%clk 00:02:49]  [%emt 00:00:19]} 32. Rxd3 {
[%clk 00:10:59]  [%emt 00:00:42]} 32... Qe8 {[%clk 00:02:18]  [%emt 00:00:03]}
33. Qb6 {[%clk 00:08:43]  [%emt 00:02:16]} 33... Qf7 {
[%clk 00:01:54]  [%emt 00:00:40]} 34. Rdf3 {[%clk 00:06:43]  [%emt 00:01:55]}
34... gxf5 {[%clk 00:01:33]  [%emt 00:00:25]} 35. Qxb7 {
[%clk 00:05:52]  [%emt 00:00:59]} 35... Qxc4 {[%clk 00:00:56]  [%emt 00:00:42]}
36. Qxe7 {[%clk 00:05:55]  [%emt 00:00:03]} 36... Qxe4 {
[%clk 00:00:49]  [%emt 00:00:12]} 37. Qg5+ {[%clk 00:05:51]  [%emt 00:00:08]}
37... Kh8 {[%clk 00:00:49]  [%emt 00:00:11]} 38. Qf6+ {
[%clk 00:05:36]  [%emt 00:00:23]} 38... Kg8 {[%clk 00:00:54]} 39. Rxf5 {
[%clk 00:05:25]  [%emt 00:00:12]} 39... Rxf5 {[%clk 00:00:53]} 40. Rxf5 {
[%clk 00:05:27]  [%emt 00:00:08]} 40... Qe1+ {[%clk 00:00:57]  [%emt 00:00:07]}
41. Kh2 {[%clk 00:04:59]  [%emt 00:00:41]} 41... Qe2+ {
[%clk 00:00:16]  [%emt 00:00:25]} 42. Kh3 {[%clk 00:05:02]  [%emt 00:00:36]}
42... Re8 {[%clk 00:00:08]  [%emt 00:00:03]} 43. Rg5# 1-0

[Event "Campeonatos de Espana Universitarios 20"]
[Site "Universidad de Alicante, Spai"]
[Date "2019.04.09"]
[Round "2.1"]
[White "Buendia Pinar, Alvaro"]
[Black "Suarez Gomez, Julio"]
[Result "0-1"]
[WhiteElo "2256"]
[BlackElo "2449"]
[PlyCount "104"]
[EventDate "2019.??.??"]

1. d4 {[%clk 00:40:07]  [%emt 00:00:20]} 1... e6 {[%clk 00:40:07]} 2. Nf3 {
[%clk 00:39:53]  [%emt 00:00:14]} 2... Nf6 {[%clk 00:40:06]} 3. c4 {
[%clk 00:38:43]  [%emt 00:01:13]} 3... a6 {[%clk 00:40:01]  [%emt 00:00:33]} 4.
Nc3 {[%clk 00:38:26]  [%emt 00:00:07]} 4... d5 {[%clk 00:40:01]} 5. cxd5 {
[%clk 00:37:55]  [%emt 00:00:33]} 5... exd5 {[%clk 00:40:04]  [%emt 00:00:20]}
6. Bg5 {[%clk 00:37:54]} 6... Be6 {[%clk 00:39:54]  [%emt 00:00:12]} 7. e3 {
[%clk 00:37:36]  [%emt 00:00:13]} 7... Nbd7 {[%clk 00:39:54]  [%emt 00:00:27]}
8. Bd3 {[%clk 00:37:22]  [%emt 00:00:08]} 8... Bd6 {
[%clk 00:39:51]  [%emt 00:00:03]} 9. O-O {[%clk 00:36:04]  [%emt 00:01:19]}
9... O-O {[%clk 00:39:40]  [%emt 00:00:17]} 10. Rc1 {
[%clk 00:35:04]  [%emt 00:01:38]} 10... c6 {[%clk 00:39:18]} 11. Ne2 {
[%clk 00:32:14]  [%emt 00:02:46]} 11... Bg4 {[%clk 00:37:21]  [%emt 00:02:05]}
12. Bf4 {[%clk 00:31:15]  [%emt 00:01:27]} 12... Qb8 {
[%clk 00:32:30]  [%emt 00:04:32]} 13. Bxd6 {[%clk 00:30:48]  [%emt 00:00:38]}
13... Qxd6 {[%clk 00:32:32]  [%emt 00:00:03]} 14. Ng3 {
[%clk 00:30:45]  [%emt 00:00:04]} 14... g6 {[%clk 00:29:54]  [%emt 00:02:43]}
15. h3 {[%clk 00:30:10]  [%emt 00:00:36]} 15... Bxf3 {
[%clk 00:29:56]  [%emt 00:00:09]} 16. Qxf3 {[%clk 00:30:13]  [%emt 00:00:04]}
16... Rfe8 {[%clk 00:29:51]  [%emt 00:00:07]} 17. Ne2 {
[%clk 00:24:03]  [%emt 00:06:10]} 17... Ne4 {[%clk 00:27:03]  [%emt 00:02:53]}
18. Qf4 {[%clk 00:23:13]  [%emt 00:00:55]} 18... Ndf6 {
[%clk 00:24:10]  [%emt 00:03:12]} 19. Rfd1 {[%clk 00:18:23]  [%emt 00:04:45]}
19... Qe7 {[%clk 00:23:55]  [%emt 00:00:19]} 20. Ng3 {
[%clk 00:16:42]  [%emt 00:02:09]} 20... Nxg3 {[%clk 00:22:27]  [%emt 00:01:12]}
21. Qxg3 {[%clk 00:16:45]} 21... Nh5 {[%clk 00:22:05]  [%emt 00:00:25]} 22. Qg4
{[%clk 00:16:09]  [%emt 00:00:43]} 22... Rf8 {[%clk 00:21:40]  [%emt 00:00:28]}
23. Re1 {[%clk 00:09:37]  [%emt 00:06:46]} 23... f5 {
[%clk 00:21:38]  [%emt 00:00:08]} 24. Qf3 {[%clk 00:09:40]} 24... Rae8 {
[%clk 00:21:26]  [%emt 00:00:16]} 25. g3 {[%clk 00:09:03]  [%emt 00:00:35]}
25... Ng7 {[%clk 00:21:03]  [%emt 00:00:32]} 26. Re2 {
[%clk 00:07:09]  [%emt 00:01:54]} 26... Ne6 {[%clk 00:20:30]  [%emt 00:00:40]}
27. Qg2 {[%clk 00:06:44]  [%emt 00:00:29]} 27... Qb4 {
[%clk 00:19:29]  [%emt 00:01:23]} 28. Kh2 {[%clk 00:05:32]  [%emt 00:00:58]}
28... Re7 {[%clk 00:18:23]  [%emt 00:01:15]} 29. a3 {
[%clk 00:03:50]  [%emt 00:01:48]} 29... Qb3 {[%clk 00:18:11]  [%emt 00:00:34]}
30. Rd2 {[%clk 00:03:41]  [%emt 00:00:13]} 30... Ng5 {
[%clk 00:17:07]  [%emt 00:01:00]} 31. Rc3 {[%clk 00:03:31]  [%emt 00:00:16]}
31... Qb6 {[%clk 00:17:03]} 32. Rcc2 {[%clk 00:02:43]  [%emt 00:00:52]} 32...
Ne4 {[%clk 00:16:46]  [%emt 00:00:21]} 33. Rd1 {
[%clk 00:02:23]  [%emt 00:00:26]} 33... Qb3 {[%clk 00:16:10]  [%emt 00:00:39]}
34. Qf1 {[%clk 00:01:27]  [%emt 00:01:01]} 34... Kh8 {
[%clk 00:15:10]  [%emt 00:01:08]} 35. f3 {[%clk 00:00:51]  [%emt 00:00:39]}
35... Nd6 {[%clk 00:14:52]  [%emt 00:00:22]} 36. Qe2 {
[%clk 00:00:49]  [%emt 00:00:07]} 36... Qb6 {[%clk 00:13:18]  [%emt 00:01:42]}
37. Qd2 {[%clk 00:00:38]  [%emt 00:00:13]} 37... Qd8 {
[%clk 00:11:34]  [%emt 00:01:49]} 38. Qf2 {[%clk 00:00:36]  [%emt 00:00:13]}
38... Kg7 {[%clk 00:10:55]  [%emt 00:00:41]} 39. b4 {
[%clk 00:00:31]  [%emt 00:00:24]} 39... Qe8 {[%clk 00:08:56]  [%emt 00:01:50]}
40. Re2 {[%clk 00:00:32]  [%emt 00:00:03]} 40... a5 {
[%clk 00:08:35]  [%emt 00:00:25]} 41. bxa5 {[%clk 00:00:31]  [%emt 00:00:36]}
41... Qd7 {[%clk 00:07:29]  [%emt 00:00:44]} 42. Qe1 {
[%clk 00:00:26]  [%emt 00:00:10]} 42... Qc7 {[%clk 00:07:08]  [%emt 00:01:01]}
43. Qc3 {[%clk 00:00:24]} 43... Ra8 {[%clk 00:06:30]  [%emt 00:00:12]} 44. a6 {
[%clk 00:00:24]  [%emt 00:00:09]} 44... b5 {[%clk 00:06:00]  [%emt 00:00:44]}
45. Rc1 {[%clk 00:00:12]  [%emt 00:00:06]} 45... Rxa6 {
[%clk 00:05:27]  [%emt 00:00:54]} 46. e4 {[%clk 00:00:16]} 46... fxe4 {
[%clk 00:04:01]  [%emt 00:01:21]} 47. fxe4 {[%clk 00:00:20]} 47... dxe4 {
[%clk 00:02:23]  [%emt 00:01:42]} 48. d5+ {[%clk 00:00:24]} 48... Kg8 {
[%clk 00:02:27]  [%emt 00:00:03]} 49. Qf6 {[%clk 00:00:14]  [%emt 00:00:08]}
49... Nf5 {[%clk 00:02:03]  [%emt 00:00:46]} 50. Bxe4 {
[%clk 00:00:07]  [%emt 00:00:07]} 50... Qxg3+ {[%emt 00:00:53]} 51. Kh1 {
[%emt 00:00:11]} 51... Qf4 {[%clk 00:00:59]} 52. Bxf5 {
[%clk 00:00:09]  [%emt 00:00:14]} 52... Qxc1+ {[%emt 00:00:11]} 0-1

[Event "Campeonatos de Espana Universitarios 20"]
[Site "Universidad de Alicante, Spai"]
[Date "2019.04.09"]
[Round "2.2"]
[White "Cruz Lledo, Pablo"]
[Black "Gimenez Menchon, Cesar"]
[Result "0-1"]
[WhiteElo "2436"]
[BlackElo "2249"]
[PlyCount "76"]
[EventDate "2019.??.??"]

1. d4 {[%clk 00:40:08]} 1... d5 {[%clk 00:40:06]} 2. c4 {[%clk 00:40:05]} 2...
e6 {[%clk 00:40:08]} 3. Nc3 {[%clk 00:39:58]  [%emt 00:00:14]} 3... c5 {
[%clk 00:40:09]} 4. e3 {[%clk 00:39:31]  [%emt 00:00:37]} 4... Nf6 {
[%clk 00:39:16]  [%emt 00:00:51]} 5. Nf3 {[%clk 00:39:30]  [%emt 00:00:12]}
5... Nc6 {[%clk 00:37:22]  [%emt 00:01:55]} 6. a3 {
[%clk 00:38:45]  [%emt 00:00:48]} 6... a6 {[%clk 00:35:00]  [%emt 00:02:45]} 7.
dxc5 {[%clk 00:37:43]  [%emt 00:00:49]} 7... Bxc5 {
[%clk 00:34:36]  [%emt 00:00:35]} 8. b4 {[%clk 00:37:34]  [%emt 00:00:15]} 8...
Ba7 {[%clk 00:33:44]  [%emt 00:00:50]} 9. b5 {[%clk 00:36:23]  [%emt 00:01:19]}
9... axb5 {[%clk 00:31:51]  [%emt 00:01:58]} 10. cxb5 {
[%clk 00:35:38]  [%emt 00:01:04]} 10... Na5 11. Be2 {
[%clk 00:34:21]  [%emt 00:03:17]} 11... Qc7 12. Bd2 {[%emt 00:02:13]} 12... Nc4
{[%clk 00:27:44]  [%emt 00:00:10]} 13. O-O {[%clk 00:34:14]  [%emt 00:00:07]}
13... O-O {[%clk 00:26:59]  [%emt 00:00:52]} 14. Qb3 {
[%clk 00:32:22]  [%emt 00:02:01]} 14... Bd7 {[%clk 00:24:45]  [%emt 00:02:13]}
15. Rfc1 {[%clk 00:32:18]  [%emt 00:00:14]} 15... Rfc8 {
[%clk 00:23:46]  [%emt 00:00:55]} 16. Bxc4 {[%clk 00:30:36]  [%emt 00:01:50]}
16... Qxc4 {[%clk 00:17:42]  [%emt 00:06:08]} 17. Qxc4 {
[%clk 00:30:39]  [%emt 00:00:04]} 17... Rxc4 {[%clk 00:16:56]  [%emt 00:00:46]}
18. Ne5 {[%clk 00:29:35]  [%emt 00:01:10]} 18... Rc7 {
[%clk 00:16:26]  [%emt 00:00:35]} 19. a4 {[%clk 00:27:14]  [%emt 00:02:51]}
19... Bb6 {[%clk 00:15:16]  [%emt 00:00:50]} 20. Nxd7 {
[%clk 00:25:59]  [%emt 00:01:19]} 20... Nxd7 {[%clk 00:15:07]  [%emt 00:00:43]}
21. Ne2 {[%clk 00:25:58]  [%emt 00:00:03]} 21... Rxc1+ {
[%clk 00:13:25]  [%emt 00:01:24]} 22. Nxc1 {[%clk 00:25:47]  [%emt 00:00:45]}
22... Nc5 {[%clk 00:06:34]  [%emt 00:06:30]} 23. a5 {
[%clk 00:25:47]  [%emt 00:00:03]} 23... h6 {[%clk 00:06:10]  [%emt 00:00:26]}
24. Ra2 {[%clk 00:25:24]  [%emt 00:00:28]} 24... Ne4 {
[%clk 00:04:54]  [%emt 00:01:21]} 25. Be1 {[%clk 00:24:34]  [%emt 00:00:54]}
25... Bd8 {[%clk 00:03:52]  [%emt 00:01:07]} 26. Bb4 {
[%clk 00:23:18]  [%emt 00:01:21]} 26... Bf6 {[%clk 00:03:30]  [%emt 00:00:29]}
27. Rc2 {[%clk 00:22:56]  [%emt 00:00:30]} 27... Be5 {
[%clk 00:02:47]  [%emt 00:00:44]} 28. Nb3 {[%clk 00:18:27]  [%emt 00:04:36]}
28... Bd6 {[%clk 00:02:32]  [%emt 00:00:18]} 29. Be1 {
[%clk 00:18:05]  [%emt 00:00:27]} 29... Kf8 {[%clk 00:01:37]  [%emt 00:01:03]}
30. f3 {[%clk 00:17:25]  [%emt 00:00:44]} 30... Nf6 {
[%clk 00:01:37]  [%emt 00:00:05]} 31. Nc5 {[%clk 00:16:49]  [%emt 00:00:41]}
31... Rb8 {[%clk 00:00:57]  [%emt 00:00:45]} 32. Na4 {
[%clk 00:06:30]  [%emt 00:10:24]} 32... Nd7 {[%clk 00:01:00]  [%emt 00:00:08]}
33. b6 {[%clk 00:04:32]  [%emt 00:01:55]} 33... Ke7 {
[%clk 00:00:30]  [%emt 00:00:36]} 34. Nc3 {[%clk 00:04:30]  [%emt 00:00:30]}
34... Ne5 {[%clk 00:00:12]  [%emt 00:00:04]} 35. e4 {
[%clk 00:02:21]  [%emt 00:02:08]} 35... Nd3 {[%clk 00:00:16]  [%emt 00:00:09]}
36. Bd2 {[%clk 00:00:59]  [%emt 00:01:19]} 36... Nb4 {
[%clk 00:00:19]  [%emt 00:00:11]} 37. Rc1 {[%clk 00:00:37]  [%emt 00:00:21]}
37... Nd3 {[%clk 00:00:23]  [%emt 00:00:04]} 38. Rb1 {
[%clk 00:00:25]  [%emt 00:00:11]} 38... Rc8 {
[%clk 00:00:13]  [%emt 00:00:15]  Bandera} 0-1

[Event "Campeonatos de Espana Universitarios 20"]
[Site "Universidad de Alicante, Spai"]
[Date "2019.04.09"]
[Round "2.3"]
[White "Villasenor Rubio, Emilio Jose"]
[Black "Alshameary Puente, Ismael"]
[Result "0-1"]
[WhiteElo "2224"]
[BlackElo "2425"]
[PlyCount "48"]
[EventDate "2019.??.??"]

1. e4 {[%clk 00:40:09]  [%emt 00:00:19]} 1... c5 {[%clk 00:40:07]} 2. Nf3 {
[%clk 00:40:09]  [%emt 00:00:04]} 2... d6 {[%clk 00:40:11]} 3. d4 {
[%clk 00:40:10]} 3... cxd4 {[%clk 00:40:14]} 4. Nxd4 {
[%clk 00:40:09]  [%emt 00:00:03]} 4... Nf6 {[%clk 00:40:18]} 5. Nc3 {
[%clk 00:40:09]  [%emt 00:00:06]} 5... a6 {[%clk 00:40:21]  [%emt 00:00:08]} 6.
Be3 {[%clk 00:39:57]  [%emt 00:00:10]} 6... e5 {
[%clk 00:40:20]  [%emt 00:00:06]} 7. Nb3 {[%clk 00:39:59]  [%emt 00:00:09]}
7... Be7 {[%clk 00:40:21]} 8. f3 {[%clk 00:40:00]  [%emt 00:00:03]} 8... Be6 {
[%clk 00:40:23]  [%emt 00:00:04]} 9. Qd2 {[%clk 00:40:02]  [%emt 00:00:05]}
9... O-O {[%clk 00:40:20]  [%emt 00:00:06]} 10. O-O-O {
[%clk 00:40:03]  [%emt 00:00:04]} 10... a5 {[%clk 00:40:16]  [%emt 00:00:06]}
11. a4 {[%clk 00:39:44]  [%emt 00:00:23]} 11... Nc6 {
[%clk 00:40:17]  [%emt 00:00:10]} 12. g4 {[%clk 00:39:29]  [%emt 00:00:14]}
12... Rc8 {[%clk 00:40:02]  [%emt 00:00:20]} 13. g5 {
[%clk 00:38:38]  [%emt 00:00:56]} 13... Nh5 {[%clk 00:39:47]  [%emt 00:00:20]}
14. Nd5 {[%clk 00:37:27]  [%emt 00:01:18]} 14... Bxd5 {
[%clk 00:39:31]  [%emt 00:00:18]} 15. exd5 {[%clk 00:37:30]  [%emt 00:00:32]}
15... Nb4 {[%clk 00:38:43]  [%emt 00:00:24]} 16. c3 {
[%clk 00:37:08]  [%emt 00:00:40]} 16... Qd7 {[%clk 00:37:38]  [%emt 00:01:00]}
17. Bb5 {[%clk 00:33:34]  [%emt 00:03:38]} 17... Qf5 {
[%clk 00:36:25]  [%emt 00:01:16]} 18. Bd3 {[%clk 00:32:52]  [%emt 00:00:46]}
18... Qxf3 {[%clk 00:35:43]  [%emt 00:00:47]} 19. Nxa5 {
[%clk 00:28:07]  [%emt 00:04:53]} 19... Nxd3+ {[%clk 00:32:32]  [%emt 00:03:13]
} 20. Qxd3 {[%clk 00:27:27]  [%emt 00:00:45]} 20... Nf4 {
[%clk 00:32:36]  [%emt 00:00:28]} 21. Qd2 {[%clk 00:24:59]  [%emt 00:02:14]}
21... Bxg5 {[%clk 00:31:58]  [%emt 00:00:38]} 22. Rhe1 {
[%clk 00:25:02]  [%emt 00:00:04]} 22... Ra8 {[%clk 00:29:22]  [%emt 00:02:36]}
23. Nxb7 {[%clk 00:22:27]  [%emt 00:02:39]} 23... Rxa4 {
[%clk 00:28:56]  [%emt 00:00:31]} 24. Nxd6 {[%clk 00:22:11]  [%emt 00:00:37]}
24... Rd8 {[%clk 00:27:32]  [%emt 00:01:14]} 0-1

[Event "Campeonatos de Espana Universitarios 20"]
[Site "Universidad de Alicante, Spai"]
[Date "2019.04.09"]
[Round "2.4"]
[White "Taboas Rodriguez, Daniel"]
[Black "Rodriguez Perez, Angel Mariano"]
[Result "1-0"]
[WhiteElo "2423"]
[BlackElo "2223"]
[PlyCount "85"]
[EventDate "2019.??.??"]

1. d4 {[%clk 00:40:09]} 1... g6 {[%clk 00:40:07]  [%emt 00:00:09]} 2. Nf3 {
[%clk 00:40:13]  [%emt 00:00:03]} 2... Bg7 {[%clk 00:40:09]} 3. c4 {
[%clk 00:40:17]} 3... c5 {[%clk 00:39:33]  [%emt 00:00:42]} 4. d5 {
[%clk 00:40:20]  [%emt 00:00:03]} 4... d6 {[%clk 00:39:20]  [%emt 00:00:13]} 5.
e4 {[%clk 00:40:23]  [%emt 00:00:07]} 5... Nf6 {
[%clk 00:39:08]  [%emt 00:00:11]} 6. Nc3 {[%clk 00:40:26]  [%emt 00:00:19]}
6... O-O {[%clk 00:39:07]  [%emt 00:00:04]} 7. Bd3 {[%clk 00:40:30]} 7... e6 {
[%clk 00:39:07]} 8. O-O {[%clk 00:40:32]} 8... exd5 {
[%clk 00:39:08]  [%emt 00:00:04]} 9. exd5 {[%clk 00:40:36]} 9... Bg4 {
[%clk 00:38:46]  [%emt 00:00:22]} 10. h3 {[%clk 00:40:39]  [%emt 00:00:10]}
10... Bxf3 {[%clk 00:37:46]  [%emt 00:00:57]} 11. Qxf3 {
[%clk 00:40:43]  [%emt 00:00:03]} 11... Nfd7 {[%clk 00:37:26]  [%emt 00:00:30]}
12. Qg3 {[%clk 00:40:27]  [%emt 00:00:15]} 12... Ne5 {
[%clk 00:37:03]  [%emt 00:00:30]} 13. Be2 {[%clk 00:40:29]  [%emt 00:00:04]}
13... f5 {[%clk 00:35:52]  [%emt 00:01:12]} 14. Bd2 {
[%clk 00:39:34]  [%emt 00:00:58]} 14... Nbd7 {[%clk 00:35:45]  [%emt 00:00:29]}
15. f4 {[%clk 00:39:23]  [%emt 00:00:07]} 15... Nf7 {
[%clk 00:35:40]  [%emt 00:00:16]} 16. Bd3 {[%clk 00:39:03]  [%emt 00:00:14]}
16... Nf6 {[%clk 00:35:26]  [%emt 00:00:16]} 17. Rae1 {
[%clk 00:39:02]  [%emt 00:00:10]} 17... Qd7 {[%clk 00:35:13]  [%emt 00:00:14]}
18. Re6 {[%clk 00:37:41]  [%emt 00:01:27]} 18... Rae8 {
[%clk 00:34:55]  [%emt 00:00:22]} 19. Bxf5 {[%clk 00:35:06]  [%emt 00:02:42]}
19... gxf5 {[%clk 00:32:35]  [%emt 00:02:56]} 20. Rxf6 {[%clk 00:35:08]} 20...
Kh8 {[%clk 00:32:34]  [%emt 00:00:03]} 21. Re6 {
[%clk 00:34:38]  [%emt 00:00:10]} 21... Rxe6 {[%clk 00:32:23]  [%emt 00:00:15]}
22. dxe6 {[%clk 00:34:41]  [%emt 00:00:08]} 22... Qxe6 {[%clk 00:32:26]} 23. b3
{[%clk 00:32:16]  [%emt 00:02:27]} 23... Nd8 {[%clk 00:31:15]  [%emt 00:01:19]}
24. Re1 {[%clk 00:31:42]  [%emt 00:00:36]} 24... Qg6 {
[%clk 00:30:28]  [%emt 00:00:54]} 25. Qxg6 {[%clk 00:29:13]  [%emt 00:02:34]}
25... hxg6 {[%clk 00:30:32]  [%emt 00:00:04]} 26. Nb5 {
[%clk 00:29:12]  [%emt 00:00:03]} 26... Nc6 {[%clk 00:27:43]  [%emt 00:02:52]}
27. Nxd6 {[%clk 00:24:47]  [%emt 00:04:30]} 27... b6 {
[%clk 00:27:41]  [%emt 00:00:13]} 28. Kf2 {[%clk 00:20:59]  [%emt 00:03:47]}
28... Kg8 {[%clk 00:26:08]  [%emt 00:01:38]} 29. Re6 {
[%clk 00:17:57]  [%emt 00:03:13]} 29... Rd8 {[%clk 00:25:12]  [%emt 00:00:59]}
30. Be3 {[%clk 00:17:06]  [%emt 00:00:59]} 30... Nd4 {
[%clk 00:21:04]  [%emt 00:04:30]} 31. Bxd4 {[%clk 00:16:21]  [%emt 00:00:29]}
31... Bxd4+ {[%clk 00:21:07]  [%emt 00:00:04]} 32. Kf3 {
[%clk 00:16:18]  [%emt 00:00:04]} 32... Kg7 {[%clk 00:20:57]  [%emt 00:00:16]}
33. g4 {[%clk 00:15:04]  [%emt 00:01:17]} 33... fxg4+ {
[%clk 00:20:16]  [%emt 00:00:46]} 34. hxg4 {[%clk 00:15:07]  [%emt 00:00:10]}
34... Bb2 {[%clk 00:19:27]  [%emt 00:00:46]} 35. Ke4 {
[%clk 00:14:27]  [%emt 00:00:43]} 35... Bc1 {[%clk 00:18:59]  [%emt 00:00:34]}
36. g5 {[%clk 00:11:45]  [%emt 00:02:46]} 36... Rf8 {
[%clk 00:18:13]  [%emt 00:00:51]} 37. Re7+ {[%clk 00:11:46]  [%emt 00:00:14]}
37... Kg8 {[%clk 00:18:10]} 38. Re8 {[%clk 00:11:42]  [%emt 00:00:22]} 38...
Rxe8+ {[%clk 00:17:52]  [%emt 00:00:19]} 39. Nxe8 {[%clk 00:11:46]} 39... a6 {
[%clk 00:17:06]  [%emt 00:00:42]} 40. Nc7 {[%clk 00:11:39]  [%emt 00:00:41]}
40... Kf7 {[%clk 00:16:55]  [%emt 00:00:03]} 41. Nxa6 {[%clk 00:11:38]} 41...
Ke6 {[%clk 00:16:45]  [%emt 00:00:05]} 42. Nc7+ {
[%clk 00:11:41]  [%emt 00:00:35]} 42... Kd6 {[%clk 00:16:42]} 43. Nd5 {
[%clk 00:11:43]  [%emt 00:00:08]} 1-0